=LDR 00000nam 2200000 4500 =001 INLIS000000000016280 =005 20130612111542 =008 ***********************************Ind** =035 ##$$0010-061300000016280 =041 ##$$a Ind =082 ##$$a 372.8 =090 ##$$a 372.8, Suw p =100 ##$$a Suwarno =245 ##$$a Pendidikan pancasila dan kewarganegaraan untuk SD, Pendidikan dasar 9 tahun sesuai dengan kurikulum 1994, Suwarno, Sutrisno =260 ##$$a 1995 $b Surakarta =300 ##$$a ...jil., 28 cm =650 ##$$a Pendidikan dasar =650 ##$$a PPkn =700 ##$$a Sutrisno =850 ##$$a NBPNMAT